Every Lana Del Rey Song on the Billboard Hot 100 - Statistics

General Stats
  • This quiz has been taken 785 times
    747 since last reset
  • The average score is 6 of 13
Answer Stats
# Year Song % Correct
6 2013 Summertime Sadness (Cedric Gervais)
93%
91 2012 Video Games
81%
64 2017 Lust For Life ft. The Weeknd
60%
22 2013 Young And Beautiful
58%
17 2014 West Coast
56%
59 2019 Doin' Time
55%
70 2014 Ultraviolence
55%
44 2017 Love
45%
51 2015 High By The Beach
37%
79 2014 Shades Of Cool
26%
13 2019 Don't Call Me Angel (Ariana Grande & Miley Cyrus)
23%
61 2016 Stargirl Interlude (The Weeknd)
22%
47 2015 Prisoner (The Weeknd)
8%
No matching quizzes found
Score Distribution
Percent of People with Each Score
Percentile by Number Answered
Your Score History
You have not taken this quiz since the last reset